000 004820000a22001570004500
003 MACL
005 20170802122437.0
008 170802b xxu||||| |||| 00| 0 eng d
040 _cmacl
100 _aसाहनी ,भीष्‍म
_94838
245 _a10 प्रतिनिधि कहानियाॅ
260 _bकिताबघर प्रकाशन
_c2010
350 _a200
650 _aकहानियॉ
_968473
942 _cHIN
_k891.433/SAH/S
_2ddc
999 _c45496
_d45496